Enhancing or restoring the productivity of natural populations of shellfish the other marine invertebrate resources / (Record no. 16112)

000 -LEADER
fixed length control field 00790nam a2200229Ia 4500
020 ## - INTERNATIONAL STANDARD BOOK NUMBER
ISBN 9251050171
040 ## - CATALOGING SOURCE
Transcribing agency OSU
082 ## - DEWEY DECIMAL CLASSIFICATION NUMBER
Classification number 333 FOO 2003 A089 Or.
100 1# - MAIN ENTRY--AUTHOR NAME
Personal name Caddy, J. F
245 10 - TITLE STATEMENT
Title Enhancing or restoring the productivity of natural populations of shellfish the other marine invertebrate resources /
260 ## - PUBLICATION, DISTRIBUTION, ETC. (IMPRINT)
Place of publication Rome :
Name of publisher Food and Agriculture Organization of the United Nations,
Year of publication 2003
300 ## - PHYSICAL DESCRIPTION
Number of Pages vi, 159 p. :
Other physical details ill. ;
Dimensions 30 cm
490 1# - SERIES STATEMENT
Series statement FAO fisheries technical paper,
650 #0 - SUBJECT ADDED ENTRY--TOPICAL TERM
Topical Term Sustainable fisheries
650 #0 - SUBJECT ADDED ENTRY--TOPICAL TERM
Topical Term Shellfish fisheries
650 #0 - SUBJECT ADDED ENTRY--TOPICAL TERM
Topical Term Shellfish populations
650 #0 - SUBJECT ADDED ENTRY--TOPICAL TERM
Topical Term Fishery management
650 #0 - SUBJECT ADDED ENTRY--TOPICAL TERM
Topical Term Aquatic resources conservation
700 1# - ADDED ENTRY--PERSONAL NAME
Personal name Defeo, D
710 2# - ADDED ENTRY--CORPORATE NAME
Corporate name or jurisdiction name as entry element Food and Agriculture Organization of the United Nations
942 ## - ADDED ENTRY ELEMENTS (KOHA)
Koha item type សៀវភៅភាសាអង់គ្លេស
952 ## - LOCATION AND ITEM INFORMATION (KOHA)
Withdrawn status [LOCAL, KOHA] 0
Holdings
Permanent Location Date acquired Koha item type Lost status Shelving location Barcode Current Location Full call number
Library Block A2018-01-10សៀវភៅភាសាអង់គ្លេស A089RUA060299Library Block A333 FOO 2003 A089 Or.
មជ្ឈមណ្ឌលឯការនៃសាកលវិទ្យាល័យភូមិន្ទកសិកម្មចំការដូង

Powered by Koha